A concise encyclopedia of islam / (Record no. 347404)

000 -LEADER
fixed length control field 00883 a2200169 4500
020 ## - INTERNATIONAL STANDARD BOOK NUMBER
International Standard Book Number 1851682953 (paperback)
020 ## - INTERNATIONAL STANDARD BOOK NUMBER
International Standard Book Number 9781851682959 (paperback)
082 04 - DEWEY DECIMAL CLASSIFICATION NUMBER
Classification number 297.03
090 ## - LOCALLY ASSIGNED LC-TYPE CALL NUMBER (OCLC); LOCAL CALL NUMBER (RLIN)
-- 4976
-- 4976
100 1# - MAIN ENTRY--PERSONAL NAME
Personal name Newby, Gordon.
245 12 - TITLE STATEMENT
Title A concise encyclopedia of islam /
Statement of responsibility, etc. Gordon Newby.
260 ## - PUBLICATION, DISTRIBUTION, ETC.
Place of publication, distribution, etc. [S.l.] :
Name of publisher, distributor, etc. Oneworld Publications,
Date of publication, distribution, etc. 2002.
300 ## - PHYSICAL DESCRIPTION
Extent 256 p. ;
Dimensions 22 cm.
520 ## - SUMMARY, ETC.
Summary, etc. This concise reference guide is designed specifically for readers and students who wish to learn more about the world's fastest-growing religion. Fully illustrated, the encyclopedia contains hundreds of alphabetically arranged entries which give succinct yet authoritative information on everything from the Qur'an and its origins to the role of Islam in the USA.
856 40 - ELECTRONIC LOCATION AND ACCESS
Materials specified Amazon.com
Uniform Resource Identifier <a href="http://www.amazon.com/exec/obidos/ASIN/1851682953/chopaconline-20">http://www.amazon.com/exec/obidos/ASIN/1851682953/chopaconline-20</a>
942 ## - ADDED ENTRY ELEMENTS (KOHA)
Institution code [OBSOLETE] NBS
Koha item type Book
Call number prefix 297.03 NEW
Holdings
Withdrawn status Lost status Damaged status Not for loan Permanent Location Current Location Shelving location Date acquired Total Checkouts Full call number Barcode Date last seen Date last checked out Price effective from Koha item type
        Central Library (CL) Central Library (CL) First Floor - Islam 08/28/2013 1 297.03 NEW NBS7068 09/19/2019 03/16/2019 08/28/2013 Book
© 2023 Central Library, National University of Sciences and Technology. All Rights Reserved.